Pengenalan kaunseling kelompok

Bibliographic Details
Main Author: Zuraidah Abd Rahman (Author)
Format: Book
Published: Petaling Jaya : IBS Buku , c1988
Subjects:

MARC

LEADER 00000cam a2200000 7i4500
001 0000030730
005 20211229093000.0
020 |a 9679500934 
090 0 0 |a BF637.C6   |b Z8 
100 0 |a Zuraidah Abd Rahman ,   |e author 
245 0 0 |a Pengenalan kaunseling kelompok   |c Zuraidah Ab. Rahman 
260 |a Petaling Jaya :   |b IBS Buku ,   |c c1988 
300 |a 172 p. ;   |c 21 cm. 
504 |a Bibliografi: p. 170-172 
650 0 |a Counseling 
650 0 |a Group counseling 
999 |a 1000057607   |b Book   |c OPEN SHELF (30 DAYS)   |e Gong Badak Campus 
999 |a 1000057608   |b Book   |c OPEN SHELF (30 DAYS)   |e Gong Badak Campus